Psalms / (Record no. 8283)
[ view plain ]
| 000 -LEADER | |
|---|---|
| fixed length control field | 01525cam a2200361 i 4500 |
| 001 - CONTROL NUMBER | |
| control field | 18481028 |
| 003 - CONTROL NUMBER IDENTIFIER | |
| control field | GBCCL |
| 005 - DATE AND TIME OF LATEST TRANSACTION | |
| control field | 20241126110647.0 |
| 008 - FIXED-LENGTH DATA ELEMENTS--GENERAL INFORMATION | |
| fixed length control field | 150205m20159999miu b 001 0 eng |
| 010 ## - | |
| -- | 2014044252 |
| 020 ## - INTERNATIONAL STANDARD BOOK NUMBER | |
| International Standard Book Number | 9780801091971 (cloth) |
| 040 ## - CATALOGING SOURCE | |
| Original cataloging agency | DLC |
| Language of cataloging | eng |
| Transcribing agency | DLC |
| Description conventions | rda |
| Modifying agency | DLC |
| 042 ## - | |
| -- | pcc |
| 050 00 - | |
| -- | BS1430.53 |
| -- | .B85 2015 |
| 082 00 - DEWEY DECIMAL CLASSIFICATION NUMBER | |
| Classification number | 223.207 |
| Edition information | 23 |
| Item number | BUL |
| 100 1# - MAIN ENTRY--PERSONAL NAME | |
| Personal name | Bullock, C. Hassell, |
| Relator term | author. |
| 9 (RLIN) | 56 |
| 245 10 - TITLE STATEMENT | |
| Title | Psalms / |
| Statement of responsibility, etc. | C. Hassell Bullock ; Mark L. Strauss and John H. Walton, general editors ; illustrating the text, Kevin and Sherry Harney, associate editors ; Donald C. Porter, contributing author. |
| 264 #1 - PRODUCTION, PUBLICATION, DISTRIBUTION, MANUFACTURE, AND COPYRIGHT NOTICE | |
| Place of production, publication, distribution, manufacture | Grand Rapids, Michigan : |
| Name of producer, publisher, distributor, manufacturer | Baker Books, |
| Date of production, publication, distribution, manufacture, or copyright notice | 2015-2017. |
| 300 ## - PHYSICAL DESCRIPTION | |
| Extent | 2 volumes ; |
| Dimensions | 24 cm. |
| 336 ## - CONTENT TYPE | |
| Content type term | text |
| Content type code | txt |
| Source | rdacontent |
| 337 ## - MEDIA TYPE | |
| Media type term | unmediated |
| Media type code | n |
| Source | rdamedia |
| 338 ## - CARRIER TYPE | |
| Carrier type term | volume |
| Carrier type code | nc |
| Source | rdacarrier |
| 490 0# - SERIES STATEMENT | |
| Series statement | Teach the text commentary series |
| 504 ## - BIBLIOGRAPHY, ETC. NOTE | |
| Bibliography, etc. note | Includes bibliographical references and index. |
| 505 1# - FORMATTED CONTENTS NOTE | |
| Formatted contents note | volume 1. Psalms 1-72 -- volume 2. Psalms 73-150 |
| 630 00 - SUBJECT ADDED ENTRY--UNIFORM TITLE | |
| Uniform title | Bible. |
| Name of part/section of a work | Psalms |
| Form subdivision | Commentaries. |
| 9 (RLIN) | 8816 |
| 700 1# - ADDED ENTRY--PERSONAL NAME | |
| Personal name | Strauss, Mark L., |
| Dates associated with a name | 1959- |
| Relator term | editor. |
| 9 (RLIN) | 14428 |
| 700 1# - ADDED ENTRY--PERSONAL NAME | |
| Personal name | Walton, John H., |
| Dates associated with a name | 1952- |
| Relator term | editor. |
| 9 (RLIN) | 1492 |
| 906 ## - LOCAL DATA ELEMENT F, LDF (RLIN) | |
| a | 7 |
| b | cbc |
| c | orignew |
| d | 1 |
| e | ecip |
| f | 20 |
| g | y-gencatlg |
| 942 ## - ADDED ENTRY ELEMENTS (KOHA) | |
| Source of classification or shelving scheme | Dewey Decimal Classification |
| Koha item type | Reference Books |
| Withdrawn status | Lost status | Source of classification or shelving scheme | Damaged status | Not for loan | Home library | Current Library | Shelving location | Date acquired | Source of acquisition | Cost, normal purchase price | Total checkouts | Full call number | Barcode | Date last seen | Copy number | Cost, replacement price | Price effective from | Koha item type |
|---|---|---|---|---|---|---|---|---|---|---|---|---|---|---|---|---|---|---|
| Dewey Decimal Classification | GRACE BIBLE COLLEGE | GRACE BIBLE COLLEGE | Commentary | 2019-11-12 | 18 | 1849.00 | 223.207 BUL | 013719 | 2025-05-01 | v.14.2 c.1 | 2150.00 | 2019-11-12 | Reference Books |